000 00650nam a2200193 u 4500
005 20240924071256.0
008 121010s2004 r 000 0 eng d
020 _a1405434309
035 _aUPN01000187322
049 _aI
050 4 _aPZ78
_bT4.7
245 0 3 _aUn tesoro para los seis años :
_buna recopilación de historias, cuentos y canciones/
_cil. Rory Tyger ; tr. de Anna Gasol i Trullols.
260 _aBarcelona, Esp. :
_bParragon,
_cc2004.
300 _a93 p. :
_bprincipalmente il. col.
650 4 _aLiteratura infantil
_94445
650 7 _aLibros ilustrados para niños
_2
_921365
700 1 _aTyger, Rory,
_eil.
905 _aInfantil
999 _c159425
_d159425